Význam znalostí v novej ekonomike

Ľudský faktor – zdroj dosiahnutia konkurenčnej výhody. Prístup k znalostiam na organizačnej úrovni. Očakáva sa, že trend zvyšovania dôležitosti znalostí bude pokračovať a znalostný kapitál sa stane v budúcnosti cennejším ako finančný kapitál.

Enregistré dans:
Détails bibliographiques
Auteur principal: Orbánová, Darina
Format: Chapitre de livre
Langue:slovaque
Sujets:
Tags: Ajouter un tag
Pas de tags, Soyez le premier à ajouter un tag!

MARC

LEADER 00000nla a2200000 4500
001 0188827
005 20240502073208.0
041 0 |a slo 
044 |a SK 
245 1 0 |a Význam znalostí v novej ekonomike  |c Darina Orbánová 
520 |a Ľudský faktor – zdroj dosiahnutia konkurenčnej výhody. Prístup k znalostiam na organizačnej úrovni. Očakáva sa, že trend zvyšovania dôležitosti znalostí bude pokračovať a znalostný kapitál sa stane v budúcnosti cennejším ako finančný kapitál. 
610 2 0 |a vedomosti 
610 2 0 |a kapitál ľudský 
610 2 0 |a manažment znalostný 
610 2 0 |a spoločnosť vedomostná 
610 2 0 |a ekonomika nová 
100 1 |a Orbánová, Darina